000 00347nam a22001457a 4500
008 210526b ||||| |||| 00| 0 eng d
020 _a9781565335462
041 _aeng
080 _a610.73
082 _a610.73
100 _a2
101 _aINF
245 _aRN Nursing Care of Children Review Module Edition 9.0
_cSommer,Sh
942 _2udc
_cBK
999 _c57626
_d57626